Statistics for Star Wars Characters by Screen Time

Click here to take the quiz!

General Stats

  • This quiz has been taken 85 times
  • The average score is 142 of 201

Answer Stats

HintAnswer% Correct
13:15 | 14:45 | 3:00 | +2 othersAnakin Skywalker/
Darth Vader
100%
17:30 | 1:00 | 21:15 | +3 othersObi-Wan Kenobi
100%
1:30Beaumont Kin
98%
13:30 | 21:15 | 22:45 | +3 othersLeia Organa
98%
1:00 | 21:15 | 2:45 | +3 othersLuke Skywalker
98%
1:00 | 24:45 | 4:00 | +3 othersSheev Palpatine/
Darth Sidious
98%
23:30 | 48:00Anakin Skywalker
97%
17:45 | 19:30 | 1:45 | +3 othersHan Solo
97%
18:15 | 21:30 | 32:15Padmé Amidala
97%
35:30Qui-Gon Ginn
97%
11:45 | 12:30 | 2:00 | +3 othersYoda
97%
10:45 | 13:30 | 14:30 | +6 othersC-3PO
95%
11:15 | 18:00 | 1:00 | +5 othersR2-D2
95%
10:30 | 11:00 | 16:30 | +5 othersChewbacca
93%
6:00Darth Maul
93%
12:00 | 3:00 | 5:15 | 9:15Lando Calrissian
93%
2:15 | 5:15 | 7:00Mace Windu
93%
1:00 | 1:45 | 2:15Boba Fett
91%
30:15 | 43:00 | 55:45Rey
91%
6:15Jabba the Hutt
88%
1:30Jan Dodonna
88%
17:45 | 2:15Jar Jar Binks
88%
15:15 | 19:00 | 20:30Ben Solo/
Kylo Ren
86%
2:00 | 9:30Count Dooku/
Darth Tyrannus
86%
17:30 | 24:45 | 31:45Finn
86%
4:45Jango Fett
86%
2:15D-0
84%
6:00General Grievous
83%
3:15 | 5:30Wilhuff Tarkin
79%
10:45 | 4:45 | 6:30BB-8
78%
12:15 | 25:45 | 8:45Poe Dameron
78%
2:00 | 7:15Shmi Skywalker
78%
25:00Cassian Andor
69%
36:00Jyn Erso
69%
1:30 | 3:15Owen Lars
69%
1:30 | 4:30Watto
67%
1:15 | 4:30Bail Organa
66%
1:15 | 1:45Ki-Adi-Mundi
66%
13:00 | 3:00Rose Tico
66%
2:00 | 4:45Snoke
66%
2:00 | 3:45 | 4:30Armitage Hux
64%
1:15 | 1:45Beru Lars
64%
1:00 | 1:15 | 6:00Nute Gunray
64%
7:30Quarsh Panaka
64%
29:30Qi’ra
60%
2:45Gial Ackbar
59%
1:45Captain Phasma
55%
1:45Sebulba
53%
2:45Bib Fortuna
50%
9:00K-2S0
50%
2:30Taun We
50%
1:15Wedge Antilles
50%
6:30Galen Erso
48%
1:00 | 2:15Mon Mothma
48%
3:00Rugor Nass
48%
11:45Bodhi Rook
47%
10:00Orson Krennic
47%
22:30Tobias Beckett
47%
5:15Val
47%
3:30Wicket
47%
9:00Chirrut Îmwe
45%
1:15Commander Cody
45%
1:00 | 4:00Maz Kanata
45%
4:45Saw Gerrera
45%
8:15Baze Malbus
41%
2:00Cliegg Lars
41%
1:00Biggs Darklighter
40%
2:15Tsabin/Sabé
38%
5:30Amilyn Holdo
36%
7:30Dryden Vos
36%
1:30Finis Valorum
36%
2:00Lama Su
36%
1:00 | 2:15Firmus Piett
34%
1:15Lobot
33%
1:30Lyra Erso
33%
2:45Sio Bibble
31%
2:45Zam Wesell
31%
2:00Gregar Typho
29%
1:30Roos Tarpals
29%
4:30Zorii Bliss
29%
3:00Enric Pryde
28%
1:45Dexter Jettster
26%
4:15Enfys Nest
26%
1:30Babu Frik
24%
7:15L3-37
24%
1:30Nien Nunb
24%
5:00Jannah
22%
1:30Tiaan Jerjerrod
21%
1:30Lorth Needa
19%
1:30Paige Tico
17%
3:00Rio Durant
17%
1:00Unkar Plutt
17%
1:15 | 2:30Kaydel Ko Connix
16%
1:15Proxima
16%
3:45DJ
14%
1:15Raddus
14%
2:15Davits Draven
12%
1:30Dorra/Dormé
10%
1:45Lor San Tekka
10%
1:30Snap Wexley
10%
1:30Carlist Reeikan
5%
1:00 | 1:45Larma D’Acy
5%

Score Distribution

Percentile by Number Answered

Percent of People with Each Score

Your Score History

You have not taken this quiz